| 000 | 00961nam a22002777a 4500 | ||
|---|---|---|---|
| 999 |
_c259606 _d259605 |
||
| 003 | OSt | ||
| 005 | 20221118112532.0 | ||
| 008 | 221118b xxu||||| |||| 00| 0 eng d | ||
| 010 | _a2012038124 | ||
| 040 |
_aDLC _bEng _cDLC _dDLC _erda |
||
| 050 |
_aPZ7 _b.C2685 2013 |
||
| 100 | _aCass, Kiera. | ||
| 245 |
_aThe Elite / _cKiera Cass. |
||
| 250 | _a1st ed. | ||
| 260 |
_aNew York, NY : _bHarperTeen, _c c2013. |
||
| 300 |
_a323 p. ; _c 22 cm. |
||
| 500 | _a "A Selection novel"--Jtk. cover. | ||
| 520 | _a"Sixteen-year-old America Singer is one of only six girls still competing in the Selection--but before she can fight to win Prince Maxon and the Illean crown, she must decide where her own heart truly lies"-- | ||
| 650 |
_aMarriage _v Fiction |
||
| 650 |
_aContests _vFiction. |
||
| 650 |
_a Social classes _vFiction. |
||
| 650 |
_a Princes _v Fiction. |
||
| 650 |
_aLove _vFiction. |
||
| 650 |
_aRevolutionaries _vFiction. |
||
| 942 |
_2lcc _cBK |
||